Normal view
MARC view
- Marcovitz, Alan
Entry Personal Name
001 - CONTROL NUMBER
- control field: 3947
003 - CONTROL NUMBER IDENTIFIER
- control field: JO-AjAnu
005 - DATE AND TIME OF LATEST TRANSACTION
- control field: 20230606070940.0
008 - FIXED-LENGTH DATA ELEMENTS
- fixed length control field: 230606|| aca||aabn | a|a d
040 ## - CATALOGING SOURCE
- Original cataloging agency: JO-AjAnu
- Transcribing agency: JO-AjAnu
100 ## - HEADING--PERSONAL NAME
- Personal name: Marcovitz, Alan
670 ## - SOURCE DATA FOUND
- Source citation: Work cat.: (JO-AjAnu)2056: Marcovitz, Alan , author, Introduction to logic and Computer Design